University Home | Library Home | Institutional Repository

The cultural factor in Bible translation : (Record no. 216533)

MARC details
000 -LEADER
fixed length control field 00751nam a22002057a 4500
005 - DATE AND TIME OF LATEST TRANSACTION
control field 20260331113840.0
008 - FIXED-LENGTH DATA ELEMENTS--GENERAL INFORMATION
fixed length control field 260331b ||||| |||| 00| 0 eng d
040 ## - CATALOGING SOURCE
Original cataloging agency LC
Transcribing agency UNZA
Description conventions RDA
050 ## - LIBRARY OF CONGRESS CALL NUMBER
Classification number ZAMB BS 454
Item number WEN 1987
100 ## - MAIN ENTRY--PERSONAL NAME
Personal name Wendland, Ernst R
245 ## - TITLE STATEMENT
Title The cultural factor in Bible translation :
Remainder of title a study of communicating the Word of God in a Central African cultural context /
Statement of responsibility, etc. Ernst R Wendland
260 ## - PUBLICATION, DISTRIBUTION, ETC.
Place of publication, distribution, etc. London:
Name of publisher, distributor, etc. United Bible Societies,
Date of publication, distribution, etc. 1987.
300 ## - PHYSICAL DESCRIPTION
Extent xii, 221 pages.
440 ## - SERIES STATEMENT/ADDED ENTRY--TITLE
Title UBS Monograph Series
Number of part/section of a work 2
504 ## - BIBLIOGRAPHY, ETC. NOTE
Bibliography, etc. note Includes bibliographical references.
650 ## - SUBJECT ADDED ENTRY--TOPICAL TERM
Topical term or geographic name entry element Bible translation
General subdivision Cultural factors
650 ## - SUBJECT ADDED ENTRY--TOPICAL TERM
Topical term or geographic name entry element Communicating
General subdivision Word of God
650 ## - SUBJECT ADDED ENTRY--TOPICAL TERM
Topical term or geographic name entry element Central African cultural context
999 ## -
-- 216533
-- 216533
942 ## - ADDED ENTRY ELEMENTS (KOHA)
Koha item type Zambian collection
Holdings
Withdrawn status Lost status Source of classification or shelving scheme Damaged status Not for loan Home library Current library Shelving location Date acquired Total Checkouts Full call number Barcode Date last seen Copy number Price effective from Koha item type
    Library of Congress Classification     Main Library Main Library Special collections 03/31/2026   ZAMB BS 454 WEN 1987 33729000122791 03/31/2026 C.1 03/31/2026 Zambian collection
© 2026 - The University of Zambia Library - Koha v25.11